[Event "Aragon-chT Honor Gr II"]
[Site "Aragon"]
[Date "2022.02.26"]
[Round "5.29"]
[White "Abril Avellanas, Eduardo"]
[Black "Sierra Aguerri, Joaquin"]
[Result "1-0"]
[WhiteElo "2157"]
[BlackElo "2097"]
[PlyCount "111"]
[EventDate "2022.01.29"]
[EventType "team-tourn"]
[EventRounds "7"]
[EventCountry "ESP"]
[SourceTitle "EXT 2024"]
[Source "ChessBase"]
[SourceDate "2023.10.10"]
[SourceVersion "1"]
[SourceVersionDate "2023.10.10"]
[SourceQuality "1"]
[WhiteTeam "Huesca Club Atletismo"]
[BlackTeam "Tauste"]
[WhiteTeamCountry "ESP"]
[BlackTeamCountry "ESP"]

1. Nf3 d5 2. d4 c6 3. c4 e6 4. g3 f5 5. Bg2 Nf6 6. 0-0 Bd6 7. Nc3 0-0 8. Qc2 Ne4 9. Rb1 Qe7 10. b4 Bd7 11. c5 Bc7 12. Bf4 Bxf4 13. gxf4 Be8 14. Rb3 Bh5 15. Ne5 Nd7 16. Nxd7 Nxc3 17. Qxc3 Qxd7 18. Qe3 Qe7 19. b5 Be8 20. a4 a6 21. bxa6 Rxa6 22. Ra1 Bf7 23. Qe5 Rfa8 24. Rab1 R6a7 25. e3 Rc8 26. a5 Qc7 27. Qxc7 Rxc7 28. a6 Rxa6 29. Rxb7 Rxb7 30. Rxb7 Kf8 31. Bf3 Ra8 32. Rc7 Be8 33. Kg2 Rd8 34. Bd1 Bd7 35. Ba4 Ra8 36. Bxc6 Bxc6 37. Rxc6 Ke7 38. Rc7+ Kf6 39. Rb7 Ra2 40. Kf3 Rc2 41. Kg2 Kg6 42. Kf1 Kf6 43. Ke1 Kg6 44. Rb1 Kf6 45. Rd1 Ke7 46. Rd2 Rc1+ 47. Ke2 Rh1 48. Rb2 Kd7 49. Rb7+ Kc6 50. Re7 Rxh2 51. Rxe6+ Kc7 52. Re7+ Kc6 53. Rxg7 h5 54. Kf3 h4 55. Rh7 Kb5 56. Rh5 1-0

[Event "Aragon-chT Honor Descenso"]
[Site "Aragon"]
[Date "2019.03.16"]
[Round "8.21"]
[White "Abril Avellanas, Eduardo"]
[Black "Llanes Luno, Ricardo"]
[Result "1-0"]
[WhiteElo "2160"]
[BlackElo "2201"]
[PlyCount "103"]
[EventDate "2019.03.16"]
[EventType "team-tourn"]
[EventRounds "10"]
[EventCountry "ESP"]
[SourceTitle "EXT 2020"]
[Source "ChessBase"]
[SourceDate "2019.10.17"]
[SourceVersion "1"]
[SourceVersionDate "2019.10.17"]
[SourceQuality "1"]
[WhiteTeam "Huesca Club Atletismo"]
[BlackTeam "Delicias"]
[WhiteTeamCountry "ESP"]
[BlackTeamCountry "ESP"]

1. d4 d5 2. c4 c6 3. Nf3 Nf6 4. Nc3 g6 5. cxd5 cxd5 6. Bf4 Bg7 7. e3 Nc6 8. Be2 0-0 9. h3 Ne4 10. 0-0 Nxc3 11. bxc3 Na5 12. Nd2 f6 13. e4 e5 14. dxe5 fxe5 15. Bg3 Be6 16. Bf3 d4 17. cxd4 Qxd4 18. Qe2 Rac8 19. Rfd1 Rc2 20. Nb3 Qc3 21. Qb5 Nc6 22. Bg4 Bxg4 23. hxg4 a5 24. Rd7 Qb4 25. Qd5+ Kh8 26. Nd2 Qd4 27. Nb3 Qxd5 28. exd5 Nd4 29. Bh4 g5 30. Nxd4 exd4 31. Bxg5 Rfxf2 32. Rd8+ Bf8 33. Bh6 Rxg2+ 34. Kf1 Rgf2+ 35. Kg1 Kg8 36. Rd1 Rf6 37. g5 Rff2 38. Rxd4 Rxa2 39. Re4 Rg2+ 40. Kf1 Rgf2+ 41. Ke1 Rf5 42. Ree8 Raf2 43. d6 Rf1+ 44. Ke2 R1f2+ 45. Kd3 R2f3+ 46. Kd4 R3f4+ 47. Re4 Rf1 48. d7 Rd1+ 49. Ke3 Re1+ 50. Kd3 Ref1 51. Rxf8+ Rxf8 52. Re8 1-0

[Event "Aragon-chT Honor Gr I"]
[Site "Aragon"]
[Date "2018.01.27"]
[Round "1.30"]
[White "Abril Avellanas, Eduardo"]
[Black "Roque Sola, Gisela"]
[Result "1-0"]
[WhiteElo "2142"]
[BlackElo "1978"]
[PlyCount "91"]
[EventDate "2018.01.27"]
[EventType "team-tourn"]
[EventRounds "7"]
[EventCountry "ESP"]
[SourceTitle "EXT 2019"]
[Source "ChessBase"]
[SourceDate "2018.10.10"]
[SourceVersion "1"]
[SourceVersionDate "2018.10.10"]
[SourceQuality "1"]
[WhiteTeam "Huesca Club Atletismo"]
[BlackTeam "St Casablanca II"]
[WhiteTeamCountry "ESP"]
[BlackTeamCountry "ESP"]

1. d4 e6 2. c4 Nf6 3. Nf3 d5 4. Nc3 Bb4 5. cxd5 exd5 6. Bg5 0-0 7. e3 c6 8. Qc2 h6 9. Bh4 Re8 10. Bd3 Na6 11. 0-0 Bd6 12. a3 Bg4 13. Nd2 Nc7 14. Rae1 Ne6 15. f4 g5 16. fxg5 hxg5 17. Bf2 Kg7 18. e4 dxe4 19. Ndxe4 Nxd4 20. Bxd4 Bxh2+ 21. Kxh2 Qxd4 22. Qf2 Qxf2 23. Nxf2 Be6 24. Nce4 Nxe4 25. Nxe4 g4 26. Kg3 Rad8 27. Bc2 Bc4 28. Rf4 Be6 29. Nf6 Rh8 30. Nxg4 Rd2 31. Rf2 Rd4 32. Re4 Rxe4 33. Bxe4 Rh5 34. Ne3 Rb5 35. Kf4 Kf6 36. g4 Ke7 37. Rd2 Rb3 38. g5 Rb5 39. Nf5+ Bxf5 40. Bxf5 Rb3 41. Bb1 c5 42. Ba2 Rh3 43. Rc2 Rh1 44. Ke5 Rg1 45. Rxc5 Rxg5+ 46. Kd4 1-0

[Event "Aragon-chT"]
[Site "Aragon"]
[Date "2003.01.25"]
[Round "1"]
[White "Egido Fernandez, Fernando"]
[Black "Abril Avellanas, Eduardo"]
[Result "1-0"]
[WhiteElo "2122"]
[BlackElo "2158"]
[PlyCount "69"]
[EventDate "2003.02.??"]
[EventType "team"]
[EventRounds "9"]
[EventCountry "ESP"]
[SourceTitle "EXT 2004"]
[Source "ChessBase"]
[SourceDate "2003.11.25"]
[SourceVersion "1"]
[SourceVersionDate "2003.11.25"]
[SourceQuality "1"]

1. e4 d6 2. d4 Nf6 3. Nc3 Nbd7 4. f4 c6 5. Nf3 Qa5 6. Bd2 e5 7. b4 Qc7 8. Bd3 Be7 9. 0-0 0-0 10. Kh1 Re8 11. Qe2 Bf8 12. Rae1 exd4 13. Nxd4 c5 14. bxc5 Nxc5 15. Qf3 b6 16. Bb5 Ncd7 17. Bc6 Bb7 18. Nd5 Nxd5 19. exd5 Rxe1 20. Rxe1 a6 21. c4 Rc8 22. Qe2 Nb8 23. Bxb7 Qxb7 24. Nf5 Qd7 25. Ne7+ Bxe7 26. Qxe7 b5 27. cxb5 axb5 28. h3 h6 29. a3 Qxe7 30. Rxe7 Na6 31. Rd7 Rc2 32. Ba5 Ra2 33. Rxd6 Rxa3 34. Rxa6 b4 35. d6 1-0

[Event "Benasque op 19th"]
[Site "Benasque"]
[Date "1999.??.??"]
[Round "5"]
[White "Braga, Fernando Alberto"]
[Black "Abril Avellanas, Eduardo"]
[Result "1-0"]
[WhiteElo "2461"]
[BlackElo "2223"]
[PlyCount "51"]
[EventDate "1999.07.??"]
[EventType "swiss"]
[EventRounds "10"]
[EventCountry "ESP"]
[SourceTitle "EXT 2001"]
[Source "ChessBase"]
[SourceDate "2000.11.22"]
[SourceVersion "1"]
[SourceVersionDate "2000.11.22"]
[SourceQuality "1"]

1. e4 e6 2. d4 d5 3. Nc3 Bb4 4. exd5 exd5 5. Bd3 c6 6. h3 Ne7 7. Qf3 Nd7 8. Nge2 Nf8 9. 0-0 Ne6 10. Be3 Ng6 11. Ng3 Nh4 12. Qh5 g6 13. Qd1 Qf6 14. Nce2 Ng7 15. Qc1 h6 16. Bf4 Bd6 17. Qe3+ Kf8 18. Be5 Qe7 19. Rae1 f6 20. Bf4 Ngf5 21. Qd2 g5 22. Nxf5 Nxf5 23. Bxf5 Bxf5 24. Ng3 Bxf4 25. Rxe7 Bxd2 26. Nxf5 1-0

[Event "Benasque op 19th"]
[Site "Benasque"]
[Date "1999.??.??"]
[Round "3"]
[White "Jansa, Vlastimil"]
[Black "Abril Avellanas, Eduardo"]
[Result "1-0"]
[WhiteElo "2469"]
[BlackElo "2223"]
[PlyCount "45"]
[EventDate "1999.07.??"]
[EventType "swiss"]
[EventRounds "10"]
[EventCountry "ESP"]
[SourceTitle "EXT 2001"]
[Source "ChessBase"]
[SourceDate "2000.11.22"]
[SourceVersion "1"]
[SourceVersionDate "2000.11.22"]
[SourceQuality "1"]

1. e4 e6 2. d4 d5 3. Nd2 Nf6 4. e5 Nfd7 5. f4 c5 6. c3 Nc6 7. Ndf3 Qb6 8. g3 cxd4 9. cxd4 Bb4+ 10. Kf2 f6 11. Kg2 0-0 12. Bd3 Be7 13. h4 h6 14. Ne2 fxe5 15. fxe5 Ndxe5 16. Nxe5 Nxe5 17. dxe5 Qf2+ 18. Kh3 Bxh4 19. Kxh4 Qg2 20. Bg6 Rf3 21. Qe1 Bd7 22. Nf4 Rxf4+ 23. Bxf4 1-0